Pasado, presente y porvenir de grandes nombres

Salvato in:
Dettagli Bibliografici
Autore principale: García Bacca, Juan David
Natura: Libro
Lingua:Undetermined
Pubblicazione: México, Distrito Federal Fondo de Cultura Económica 1988
Soggetti:
Tags: Aggiungi Tag
Nessun Tag, puoi essere il primo ad aggiungerne!!

MARC

LEADER 00000nam a2200000Ia 4500
008 170316s9999 xx 000 0 und d
090 |a 100 G-10p 
100 |a García Bacca, Juan David 
245 |a Pasado, presente y porvenir de grandes nombres 
260 |a México, Distrito Federal 
260 |b Fondo de Cultura Económica 
260 |c 1988 
300 |a 598 páginas Vol. 1. 
650 |a FILOSOFÍA 
999 |c 16248  |d 16248 
040 |a cru BVZT 
942 |c 15 D  |h 100 G-10p  |2 z